| 000 | 00660nam a2200241 a 4500 | ||
|---|---|---|---|
| 001 | BRCA_7526 | ||
| 005 | 20190320205855.0 | ||
| 008 | 160513s1951----nyua######---#000-0#eng-# | ||
| 041 | _aeng | ||
| 044 | _anyu | ||
| 050 | 4 |
_aN6502 _b.K45 1951 |
|
| 100 | 1 |
_aKelemen, Pál _93899 |
|
| 245 | 1 | 0 |
_aBaroque and Rococo in Latin America _cby Pál Kelemen. |
| 260 |
_aNueva York _bMacmillan _c1951 |
||
| 300 |
_axii, 302 p. _bil., 192 láminas _c28 cm. |
||
| 500 | _aIncluye índice de ilustraciones | ||
| 500 | _aR81 | ||
| 650 | 1 | 4 |
_aArte Latinoamericano _99242 |
| 650 | 1 | 4 |
_aArte barroco _93994 |
| 650 | 1 | 4 |
_aArte rococó _95921 |
| 902 | _aGFM | ||
| 942 |
_2lcc _cB |
||
| 999 |
_c7200 _d7200 |
||